<?xml version="1.0" encoding="UTF-8"?>
<record
    xmlns:xsi="http://www.w3.org/2001/XMLSchema-instance"
    xsi:schemaLocation="http://www.loc.gov/MARC21/slim http://www.loc.gov/standards/marcxml/schema/MARC21slim.xsd"
    xmlns="http://www.loc.gov/MARC21/slim">

  <leader>02342nam a2200325Ia 4500</leader>
  <datafield tag="999" ind1=" " ind2=" ">
    <subfield code="c">36450</subfield>
    <subfield code="d">36450</subfield>
  </datafield>
  <controlfield tag="001">2365</controlfield>
  <controlfield tag="003">GE_BSU</controlfield>
  <controlfield tag="005">20190530162523.0</controlfield>
  <controlfield tag="008">181216s2011||||ge |||||||||||||| ||geo||</controlfield>
  <datafield tag="020" ind1=" " ind2=" ">
    <subfield code="a">9789941407116</subfield>
  </datafield>
  <datafield tag="040" ind1=" " ind2=" ">
    <subfield code="c">GE_BSU</subfield>
  </datafield>
  <datafield tag="041" ind1=" " ind2=" ">
    <subfield code="a">geo</subfield>
  </datafield>
  <datafield tag="080" ind1=" " ind2=" ">
    <subfield code="a">81(479.223) &#x10E8;&#x2013;18</subfield>
  </datafield>
  <datafield tag="245" ind1=" " ind2=" ">
    <subfield code="c">&#x10EC;&#x10D8;&#x10D2;&#x10DC;&#x10D8;&#x10E1; &#x10D0;&#x10D5;&#x10E2;.: &#x10DB;. &#x10E4;&#x10D0;&#x10E6;&#x10D0;&#x10D5;&#x10D0;, &#x10D7;&#x10D8;&#x10DC;&#x10D0; &#x10E8;&#x10D8;&#x10DD;&#x10E8;&#x10D5;&#x10D8;&#x10DA;&#x10D8;, &#x10E8;. &#x10DB;&#x10D0;&#x10DB;&#x10E3;&#x10DA;&#x10D0;&#x10EB;&#x10D4;, &#x10DB;&#x10D4;&#x10E0;&#x10D8; &#x10EA;&#x10D8;&#x10DC;&#x10EA;&#x10D0;&#x10EB;&#x10D4;, &#x10DB;&#x10D0;&#x10DA;&#x10EE;&#x10D0;&#x10D6; &#x10E9;&#x10DD;&#x10EE;&#x10D0;&#x10E0;&#x10D0;&#x10EB;&#x10D4;, &#x10D6;. &#x10E8;&#x10D0;&#x10E8;&#x10D8;&#x10D9;&#x10D0;&#x10EB;&#x10D4;, &#x10DC;. &#x10EA;&#x10D4;&#x10EA;&#x10EE;&#x10DA;&#x10D0;&#x10EB;&#x10D4;, &#x10D7;. &#x10E4;&#x10E3;&#x10E2;&#x10D9;&#x10D0;&#x10E0;&#x10D0;&#x10EB;&#x10D4; &#x10D3;&#x10D0; &#x10E1;&#x10EE;&#x10D5;. ; &#x10E0;&#x10D4;&#x10D3;. &#x10DB;&#x10D0;&#x10DB;&#x10D8;&#x10D0; &#x10E4;&#x10D0;&#x10E6;&#x10D0;&#x10D5;&#x10D0; ; &#x10E4;&#x10DD;&#x10E2;&#x10DD;&#x10D4;&#x10D1;&#x10D8; &#x10D3;&#x10D0; &#x10E0;&#x10E3;&#x10D9;&#x10D0; &#x10DB;&#x10D0;&#x10DA;&#x10EE;&#x10D0;&#x10D6; &#x10E9;&#x10DD;&#x10EE;&#x10D0;&#x10E0;&#x10D0;&#x10EB;&#x10D8;&#x10E1;&#x10D0; ; &#x10E8;. &#x10E0;&#x10E3;&#x10E1;&#x10D7;&#x10D0;&#x10D5;&#x10D4;&#x10DA;&#x10D8;&#x10E1; &#x10E1;&#x10D0;&#x10EE;&#x10D4;&#x10DA;&#x10DB;&#x10EC;&#x10D8;&#x10E4;&#x10DD; &#x10E3;&#x10DC;-&#x10E2;&#x10D8; ; &#x10E5;&#x10D0;&#x10E0;&#x10D7;&#x10D5;&#x10D4;&#x10DA;&#x10DD;&#x10DA;&#x10DD;&#x10D2;&#x10D8;&#x10D8;&#x10E1; &#x10D8;&#x10DC;-&#x10E2;&#x10D8;. </subfield>
    <subfield code="a">&#x10E8;&#x10D0;&#x10D5;&#x10E8;&#x10D4;&#x10D7;&#x10D8; = Shavsheti : </subfield>
    <subfield code="b">&#x10DB;&#x10DD;&#x10DC;&#x10DD;&#x10D2;&#x10E0;&#x10D0;&#x10E4;&#x10D8;&#x10D0;; &#x10D8;&#x10E1;&#x10E2;&#x10DD;&#x10E0;&#x10D8;&#x10D0;, &#x10DB;&#x10D0;&#x10E2;&#x10D4;&#x10E0;&#x10D8;&#x10D0;&#x10DA;&#x10E3;&#x10E0;&#x10D8; &#x10D9;&#x10E3;&#x10DA;&#x10E2;&#x10E3;&#x10E0;&#x10D8;&#x10E1; &#x10EB;&#x10D4;&#x10D2;&#x10DA;&#x10D4;&#x10D1;&#x10D8;, &#x10D4;&#x10D7;&#x10DC;&#x10DD;&#x10DA;&#x10DD;&#x10D2;&#x10D8;&#x10E3;&#x10E0;&#x10D8; &#x10E7;&#x10DD;&#x10E4;&#x10D0;, &#x10E4;&#x10DD;&#x10DA;&#x10D9;&#x10DA;&#x10DD;&#x10E0;&#x10D8;, &#x10E2;&#x10DD;&#x10DE;&#x10DD;&#x10DC;&#x10D8;&#x10DB;&#x10D8;&#x10D0;, &#x10E8;&#x10D0;&#x10D5;&#x10E8;&#x10E3;&#x10E0;&#x10D8; &#x10D3;&#x10D8;&#x10D0;&#x10DA;&#x10D4;&#x10E5;&#x10E2;&#x10D8; /</subfield>
  </datafield>
  <datafield tag="264" ind1=" " ind2=" ">
    <subfield code="a">&#x10D7;&#x10D1;&#x10D8;&#x10DA;&#x10D8;&#x10E1;&#x10D8; :</subfield>
    <subfield code="b">&#x10D2;&#x10D0;&#x10DB;-&#x10D1;&#x10D0; &#x10F0;&#x10DD;&#x10E0;&#x10DD;&#x10E1;&#x10D8; XXI,</subfield>
    <subfield code="c">2011.</subfield>
  </datafield>
  <datafield tag="300" ind1=" " ind2=" ">
    <subfield code="a">617 &#x10D2;&#x10D5;.  </subfield>
    <subfield code="b">23 &#x10E1;&#x10DB;.</subfield>
  </datafield>
  <datafield tag="653" ind1=" " ind2=" ">
    <subfield code="a">&#x10D8;&#x10E1;&#x10E2;&#x10DD;&#x10E0;&#x10D8;&#x10D0;</subfield>
  </datafield>
  <datafield tag="653" ind1=" " ind2=" ">
    <subfield code="a">&#x10DB;&#x10D0;&#x10E2;&#x10D4;&#x10E0;&#x10D8;&#x10D0;&#x10DA;&#x10E3;&#x10E0;&#x10D8; &#x10D9;&#x10E3;&#x10DA;&#x10E2;&#x10E3;&#x10E0;&#x10D8;&#x10E1; &#x10EB;&#x10D4;&#x10D2;&#x10DA;&#x10D4;&#x10D1;&#x10D8;</subfield>
  </datafield>
  <datafield tag="653" ind1=" " ind2=" ">
    <subfield code="a">&#x10D4;&#x10D7;&#x10DC;&#x10DD;&#x10DA;&#x10DD;&#x10D2;&#x10D8;&#x10D0;</subfield>
  </datafield>
  <datafield tag="653" ind1=" " ind2=" ">
    <subfield code="a">&#x10E4;&#x10DD;&#x10DA;&#x10D9;&#x10DA;&#x10DD;&#x10E0;&#x10D8;</subfield>
  </datafield>
  <datafield tag="700" ind1=" " ind2=" ">
    <subfield code="a"> &#x10E4;&#x10D0;&#x10E6;&#x10D0;&#x10D5;&#x10D0;, &#x10DB;.</subfield>
    <subfield code="e">&#x10D0;&#x10D5;&#x10E2;&#x10DD;&#x10E0;&#x10D8;</subfield>
    <subfield code="9">1854</subfield>
  </datafield>
  <datafield tag="700" ind1=" " ind2=" ">
    <subfield code="a">&#x10E8;&#x10D8;&#x10DD;&#x10E8;&#x10D5;&#x10D8;&#x10DA;&#x10D8;, &#x10D7;&#x10D8;&#x10DC;&#x10D0;</subfield>
    <subfield code="e">&#x10D0;&#x10D5;&#x10E2;&#x10DD;&#x10E0;&#x10D8;</subfield>
    <subfield code="9">1855</subfield>
  </datafield>
  <datafield tag="700" ind1=" " ind2=" ">
    <subfield code="a">&#x10DB;&#x10D0;&#x10DB;&#x10E3;&#x10DA;&#x10D0;&#x10EB;&#x10D4;, &#x10E8;. </subfield>
    <subfield code="e">&#x10D0;&#x10D5;&#x10E2;&#x10DD;&#x10E0;&#x10D8;</subfield>
    <subfield code="9">1856</subfield>
  </datafield>
  <datafield tag="700" ind1=" " ind2=" ">
    <subfield code="a">&#x10EA;&#x10D8;&#x10DC;&#x10EA;&#x10D0;&#x10EB;&#x10D4;, &#x10DB;&#x10D4;&#x10E0;&#x10D8;</subfield>
    <subfield code="e">&#x10D0;&#x10D5;&#x10E2;&#x10DD;&#x10E0;&#x10D8;</subfield>
    <subfield code="9">1857</subfield>
  </datafield>
  <datafield tag="700" ind1=" " ind2=" ">
    <subfield code="a"> &#x10E8;&#x10D0;&#x10E8;&#x10D8;&#x10D9;&#x10D0;&#x10EB;&#x10D4;, &#x10D6;.</subfield>
    <subfield code="e">&#x10D0;&#x10D5;&#x10E2;&#x10DD;&#x10E0;&#x10D8;</subfield>
    <subfield code="9">1858</subfield>
  </datafield>
  <datafield tag="700" ind1=" " ind2=" ">
    <subfield code="a">&#x10EA;&#x10D4;&#x10EA;&#x10EE;&#x10DA;&#x10D0;&#x10D6;&#x10D4;, &#x10DC;.</subfield>
    <subfield code="e">&#x10D0;&#x10D5;&#x10E2;&#x10DD;&#x10E0;&#x10D8;</subfield>
    <subfield code="9">1859</subfield>
  </datafield>
  <datafield tag="700" ind1=" " ind2=" ">
    <subfield code="a">&#x10E4;&#x10D0;&#x10E6;&#x10D0;&#x10D5;&#x10D0;, &#x10DB;&#x10D0;&#x10DB;&#x10D8;&#x10D0; </subfield>
    <subfield code="e">&#x10E0;&#x10D4;&#x10D3;&#x10D0;&#x10E5;&#x10E2;&#x10DD;&#x10E0;&#x10D8;</subfield>
    <subfield code="9">142</subfield>
  </datafield>
  <datafield tag="710" ind1=" " ind2=" ">
    <subfield code="a"> &#x10E8;. &#x10E0;&#x10E3;&#x10E1;&#x10D7;&#x10D0;&#x10D5;&#x10D4;&#x10DA;&#x10D8;&#x10E1; &#x10E1;&#x10D0;&#x10EE;&#x10D4;&#x10DA;&#x10DB;&#x10EC;&#x10D8;&#x10E4;&#x10DD; &#x10E3;&#x10DC;&#x10D8;&#x10D5;&#x10D4;&#x10E0;&#x10E1;&#x10D8;&#x10E2;&#x10D4;&#x10E2;&#x10D8;</subfield>
    <subfield code="b">&#x10E5;&#x10D0;&#x10E0;&#x10D7;&#x10D5;&#x10D4;&#x10DA;&#x10DD;&#x10DA;&#x10DD;&#x10D2;&#x10D8;&#x10D8;&#x10E1; &#x10D8;&#x10DC;&#x10E1;&#x10E2;&#x10D8;&#x10E2;&#x10E3;&#x10E2;&#x10D8;</subfield>
    <subfield code="9">1860</subfield>
  </datafield>
  <datafield tag="942" ind1=" " ind2=" ">
    <subfield code="c">BK</subfield>
    <subfield code="2">udc</subfield>
  </datafield>
  <datafield tag="952" ind1=" " ind2=" ">
    <subfield code="0">0</subfield>
    <subfield code="1">0</subfield>
    <subfield code="2">udc</subfield>
    <subfield code="4">0</subfield>
    <subfield code="6">81479223_&#x10E8;18</subfield>
    <subfield code="7">0</subfield>
    <subfield code="9">35410</subfield>
    <subfield code="a">CPL</subfield>
    <subfield code="b">CPL</subfield>
    <subfield code="c">GEN</subfield>
    <subfield code="d">2018-12-17</subfield>
    <subfield code="g">25.00</subfield>
    <subfield code="o">81(479.223) &#x10E8;&#x2013;18</subfield>
    <subfield code="p">4475</subfield>
    <subfield code="r">2018-12-17</subfield>
    <subfield code="t">4475</subfield>
    <subfield code="w">2018-12-17</subfield>
    <subfield code="y">BK</subfield>
    <subfield code="z">25 &#x10DA;.</subfield>
  </datafield>
</record>
